[Event "Team men HL chess 2016"]
[Site "Sochi"]
[Date "2016.05.01"]
[Round "1.1"]
[White "Sek, Konstantin"]
[Black "Volkov, Sergey"]
[Result "0-1"]
[WhiteElo "2450"]
[BlackElo "2611"]
[PlyCount "47"]
[EventDate "2016.05.01"]

1. d4 d5 2. c4 c6 3. Nf3 Nf6 4. e3 Bf5 5. Nc3 e6 6. Nh4 Bg6 7. Nxg6 hxg6 8. a3
Nbd7 9. g3 Bd6 10. c5 Bc7 11. Bg2 e5 12. O-O O-O 13. b4 a6 14. f4 e4 15. g4 g5
16. h4 gxh4 17. g5 Nh7 18. Bh3 g6 19. Qg4 f5 20. gxf6 Ndxf6 21. Qxh4 Qe7 22.
Ra2 Rf7 23. Rg2 Rg7 24. a4 {çàïèñü íå ðàçáîð~~èâà} 0-1

[Event "Team men HL chess 2016"]
[Site "Sochi"]
[Date "2016.05.01"]
[Round "1.1"]
[White "Kryakvin, Dmitry"]
[Black "Sin, Denis"]
[Result "1-0"]
[WhiteElo "2532"]
[BlackElo "2312"]
[PlyCount "91"]
[EventDate "2016.05.01"]

1. c4 c5 2. g3 Nc6 3. Bg2 g6 4. Nf3 Bg7 5. O-O e5 6. Nc3 Nge7 7. Ne1 O-O 8. Nc2
d6 9. a3 Be6 10. d3 a5 11. Ne3 Rb8 12. Ned5 Bxd5 13. Nxd5 Nxd5 14. Bxd5 Qc7 15.
Ra2 Ne7 16. Bg2 h6 17. Qa4 Rfd8 18. Bd2 b6 19. b4 axb4 20. axb4 Rdc8 21. Rb1 f5
22. Qb5 Kh7 23. Ra6 Ng8 24. Qa4 Nf6 25. Ra7 Qd8 26. Bc3 Rc7 27. Rxc7 Qxc7 28.
Qc6 Qd8 29. h3 Rc8 30. Qb7 Nd7 31. Kh2 Rc7 32. Qa6 Rc8 33. Bb7 Rc7 34. Bd5 Qe7
35. bxc5 dxc5 36. Qa8 Bf8 37. Kg2 h5 38. h4 Kh6 39. Bd2+ Kg7 40. Bg5 Qd6 41.
Bd8 Nf6 42. Bxc7 Qxc7 43. Ra1 Qd6 44. Ra7+ Kh8 45. Rf7 Nh7 46. e4 1-0

[Event "Team men HL chess 2016"]
[Site "Sochi"]
[Date "2016.05.01"]
[Round "1.1"]
[White "Khokhlova, Daria"]
[Black "Shariyazdanov, Andrey"]
[Result "1/2-1/2"]
[WhiteElo "2204"]
[BlackElo "2527"]
[PlyCount "90"]
[EventDate "2016.05.01"]

1. Nf3 e6 2. g3 b6 3. Bg2 Bb7 4. c4 c5 5. Nc3 Nf6 6. d3 Be7 7. O-O d5 8. cxd5
Nxd5 9. Nxd5 Bxd5 10. Bd2 O-O 11. Bc3 Nd7 12. Qc2 Rc8 13. b3 f6 14. Rad1 e5 15.
Nh4 Be6 16. e3 Nb8 17. f4 exf4 18. gxf4 f5 19. Nf3 Nc6 20. Qb2 Rf7 21. d4 cxd4
22. Nxd4 Nxd4 23. Bxd4 Qf8 24. Rc1 Bc5 25. Rfd1 Rfc7 26. Bxc5 Rxc5 27. Kf2 h6
28. Qd2 Qe7 29. Rxc5 Qxc5 30. Bd5 Re8 31. Qd4 Qc8 32. Bxe6+ Qxe6 33. Qd5 Kf7
34. Qxe6+ Kxe6 35. Rg1 Re7 36. Ke2 Rc7 37. Kd3 Kf6 38. h4 g6 39. a4 Rd7+ 40.
Kc3 a6 41. Kc2 Rd6 42. Kc3 h5 43. Kc2 Ke7 44. Rd1 Rc6+ 45. Kb2 Re6 1/2-1/2

[Event "Team men HL chess 2016"]
[Site "Sochi"]
[Date "2016.05.01"]
[Round "1.2"]
[White "Bezgodov, Alexei"]
[Black "Chigaev, Maksim"]
[Result "1/2-1/2"]
[WhiteElo "2512"]
[BlackElo "2552"]
[PlyCount "104"]
[EventDate "2016.05.01"]

1. e4 c6 2. d4 d5 3. Nc3 dxe4 4. Nxe4 Bf5 5. Ng3 Bg6 6. h4 h6 7. Nf3 Nd7 8. h5
Bh7 9. Bd3 Bxd3 10. Qxd3 e6 11. Bd2 Ngf6 12. O-O-O Be7 13. Qe2 O-O 14. Ne5 Re8
15. f4 c5 16. f5 Bd6 17. Rhe1 Qc7 18. Qf3 cxd4 19. Nxd7 Nxd7 20. fxe6 fxe6 21.
Ne4 Rac8 22. Qb3 Bf8 23. Kb1 Qc4 24. g4 Qxb3 25. axb3 e5 26. g5 hxg5 27. Bxg5
Nc5 28. h6 Nxe4 29. Rxe4 gxh6 30. Bf6 Kh7 31. Rxe5 Rxe5 32. Bxe5 Bg7 33. Bxg7
Kxg7 34. Rxd4 h5 35. Rd7+ Kg6 36. Rxb7 h4 37. Rxa7 h3 38. Rd7 h2 39. Rd1 Rh8
40. Rh1 Kg5 41. b4 Kf4 42. b5 Kg3 43. Ka2 Kg2 44. Rd1 h1=Q 45. Rxh1 Rxh1 46.
Kb3 Kf3 47. Kc4 Rh2 48. b6 Rxc2+ 49. Kd5 Rxb2 50. Kc6 Ke4 51. b7 Ke5 52. Kc7
Rxb7+ 1/2-1/2

[Event "Team men HL chess 2016"]
[Site "Sochi"]
[Date "2016.05.01"]
[Round "1.2"]
[White "Rozum, Ivan"]
[Black "Vokarev, Sergey"]
[Result "1/2-1/2"]
[WhiteElo "2559"]
[BlackElo "2461"]
[PlyCount "151"]
[EventDate "2016.05.01"]

1. Nf3 d5 2. c4 e6 3. g3 Nf6 4. Bg2 Be7 5. O-O O-O 6. b3 c6 7. Bb2 b6 8. e3 Bb7
9. Qe2 Nbd7 10. Nc3 Nc5 11. d4 Nce4 12. Nxe4 Nxe4 13. Ne5 f6 14. Nd3 Qd7 15.
Rac1 Rfe8 16. f3 Nd6 17. e4 Nf7 18. e5 f5 19. f4 a5 20. a4 b5 21. Qd2 bxc4 22.
bxc4 Ba6 23. c5 Reb8 24. Bc3 Rb3 25. Rfd1 Bd8 26. Bf1 Qb7 27. Ra1 Qc8 28. Be2
Rb7 29. Rdb1 Bc4 30. Nc1 Bxe2 31. Qxe2 Rab8 32. Qd3 g5 33. Kf2 gxf4 34. gxf4
Nh6 35. h3 Bh4+ 36. Ke3 Qe8 37. Ne2 Bd8 38. Rxb7 Rxb7 39. Rb1 Qd7 40. Kd2 Rxb1
41. Qxb1 Qa7 42. Nc1 Nf7 43. Nb3 Nh8 44. Qf1 Ng6 45. Kc2 Kf7 46. Bd2 Ke8 47.
Qe2 Kf7 48. h4 Bxh4 49. Nxa5 Bd8 50. Qe1 Qa6 51. Kb2 Bxa5 52. Bxa5 Nxf4 53. Qd2
Qe2 54. Ka3 Qxd2 55. Bxd2 Ne2 56. Kb4 h5 57. Be1 f4 58. Ka5 Ng3 59. Kb6 h4 60.
Kxc6 h3 61. Kd7 h2 62. c6 h1=Q 63. c7 Qxe1 64. c8=Q Kg6 65. Kxe6 Kg5 66. Qd8+
Kg4 67. a5 Ne4 68. a6 Qa1 69. Qc8 f3 70. a7 Qxa7 71. Kxd5+ Kf4 72. Qc1+ Kf5 73.
Qc8+ Kf4 74. Qc1+ Kg4 75. Qc8+ Kf4 76. Qc1+ 1/2-1/2

[Event "Team men HL chess 2016"]
[Site "Sochi"]
[Date "2016.05.01"]
[Round "1.2"]
[White "Ozgibcev, Anatoly"]
[Black "Yevseev, Denis"]
[Result "1/2-1/2"]
[WhiteElo "2375"]
[BlackElo "2526"]
[PlyCount "81"]
[EventDate "2016.05.01"]

1. e4 c6 2. d4 d5 3. exd5 cxd5 4. Bd3 Nc6 5. c3 Qc7 6. Ne2 Bg4 7. f3 Bd7 8. Na3
e5 9. Nb5 Qb6 10. dxe5 Nxe5 11. Nbd4 Bd6 12. Bf5 Bc6 13. Nxc6 bxc6 14. Qd4 Ne7
15. Qxb6 axb6 16. Bc2 Nc4 17. a4 Be5 18. b3 Nd6 19. Be3 Rb8 20. Kd2 O-O 21. a5
bxa5 22. Rxa5 Rfe8 23. Ra6 Nb5 24. Ra4 Nc8 25. Bf2 Bc7 26. Ra6 Bb6 27. Bxb6
Nxb6 28. Bd3 Nc7 29. Ra5 Ne6 30. Re1 Kf8 31. Bc2 g6 32. Nd4 Nxd4 33. Rxe8+ Kxe8
34. cxd4 Nc8 35. Kc3 h5 36. h4 Kd7 37. Bd3 Kd6 38. b4 Ne7 39. Ra6 Kd7 40. Ra7+
Kd6 41. Ra6 1/2-1/2

[Event "Team men HL chess 2016"]
[Site "Sochi"]
[Date "2016.05.01"]
[Round "1.2"]
[White "Askerov, Marat"]
[Black "Murzin, Volodar"]
[Result "1/2-1/2"]
[WhiteElo "2344"]
[BlackElo "2170"]
[PlyCount "38"]
[EventDate "2016.05.01"]

1. d4 Nf6 2. c4 g6 3. Nc3 Bg7 4. e4 d6 5. g3 O-O 6. Bg2 c5 7. Nf3 cxd4 8. Nxd4
Nc6 9. Nxc6 bxc6 10. O-O Be6 11. Qa4 Nd7 12. Rd1 Nb6 13. Qxc6 Bd7 14. Qb7 Bc8
15. Qc6 Bd7 16. Qb7 Bc8 17. Qc6 Bd7 18. Qb7 Bc8 19. Qc6 Bd7 1/2-1/2

[Event "Team men HL chess 2016"]
[Site "Sochi"]
[Date "2016.05.01"]
[Round "1.3"]
[White "Khismatullin, Denis"]
[Black "Chekhov, Sergei"]
[Result "1-0"]
[WhiteElo "2609"]
[BlackElo "2465"]
[PlyCount "177"]
[EventDate "2016.05.01"]

1. d4 Nf6 2. c4 e6 3. g3 c5 4. d5 exd5 5. cxd5 d6 6. Nc3 g6 7. Bg2 Bg7 8. Nf3
O-O 9. O-O Re8 10. Bf4 Ne4 11. Nxe4 Rxe4 12. Nd2 Rxf4 13. gxf4 Bxb2 14. Rb1 Bg7
15. Re1 Na6 16. Nc4 Bc3 17. Rf1 Bg7 18. e4 Rb8 19. a4 Nb4 20. Qb3 b6 21. Rfe1
Bh6 22. e5 Bf5 23. Be4 Bxe4 24. Rxe4 dxe5 25. Nxe5 Bxf4 26. Nxf7 Qf6 27. d6
Qxf7 28. Qxf7+ Kxf7 29. Rxf4+ Ke6 30. d7 Kxd7 31. Rf7+ Kc6 32. Rxh7 a5 33. Rg7
c4 34. Rxg6+ Kc5 35. Rg4 c3 36. Rb3 c2 37. Rc3+ Kd5 38. Kf1 Re8 39. Rgc4 Re6
40. h3 Na2 41. Rxc2 Nb4 42. R2c3 Na2 43. f3 Nxc3 44. Rxc3 b5 45. axb5 Rb6 46.
Rc8 Rxb5 47. Kf2 a4 48. Ra8 Rb4 49. Kg3 Kc4 50. f4 Kd4 51. h4 Ke4 52. h5 Rb1
53. Rxa4+ Kf5 54. Ra5+ Kf6 55. Ra2 Kf5 56. Ra5+ Kf6 57. Ra8 Rg1+ 58. Kf2 Rh1
59. Ra5 Rb1 60. Rc5 Ra1 61. Kg2 Ra2+ 62. Kf3 Ra1 63. Rg5 Rf1+ 64. Ke3 Re1+ 65.
Kf2 Rb1 66. Rg1 Rb2+ 67. Kg3 Kf5 68. h6 Rb7 69. Rh1 Kg6 70. Kg4 Kh7 71. Kg5 Rb2
72. f5 Ra2 73. Re1 Rg2+ 74. Kf6 Ra2 75. Re8 Ra6+ 76. Re6 Ra1 77. Kf7 Ra5 78. f6
Ra7+ 79. Kf8 Kxh6 80. Re7 Ra8+ 81. Re8 Ra7 82. f7 Kg6 83. Re6+ Kh7 84. Re1 Ra8+
85. Ke7 Ra7+ 86. Kf6 Ra6+ 87. Re6 Ra8 88. Re8 Ra6+ 89. Ke5 1-0

[Event "Team men HL chess 2016"]
[Site "Sochi"]
[Date "2016.05.01"]
[Round "1.3"]
[White "Rodin, Dmitrij"]
[Black "Yuffa, Daniil"]
[Result "0-1"]
[WhiteElo "2363"]
[BlackElo "2503"]
[PlyCount "116"]
[EventDate "2016.05.01"]

1. e4 c6 2. d4 d5 3. e5 Bf5 4. Nf3 e6 5. Be2 c5 6. O-O Nc6 7. c3 cxd4 8. Nxd4
Nxd4 9. cxd4 Ne7 10. Nc3 Nc6 11. Be3 Be7 12. Rc1 O-O 13. Na4 Na5 14. Nc5 Rc8
15. g4 Bg6 16. f4 Bxc5 17. dxc5 Be4 18. b4 Nc4 19. Bxc4 dxc4 20. Rxc4 Qd3 21.
Qc1 Bd5 22. Rc2 Qe4 23. g5 Qxb4 24. h3 b6 25. Kh2 Qe4 26. Rff2 b5 27. Qe1 a5
28. Rcd2 b4 29. Rd4 Qf5 30. Qc1 Rc6 31. Qc2 g6 32. Qxf5 gxf5 33. Rc2 Rb8 34.
Kg3 Kg7 35. h4 Kg6 36. Rdd2 Kh5 37. Rb2 Rcc8 38. Rd1 a4 39. Rdb1 Be4 40. Rc1 a3
41. Rd2 b3 42. axb3 Rxb3 43. Kf2 Bd5 44. Ra1 Rcb8 45. Ke2 Rc3 46. Bd4 Rh3 47.
Rc1 Rh2+ 48. Ke3 Rb3+ 49. Bc3 Rh3+ 50. Kd4 Rf3 51. Rd3 Rxf4+ 52. Ke3 Rc4 53.
Kd2 a2 54. Ra1 Rxc5 55. Bd4 Rxd3+ 56. Kxd3 Rb5 57. Bc3 Rb1 58. Ke3 Kg4 0-1

[Event "Team men HL chess 2016"]
[Site "Sochi"]
[Date "2016.05.01"]
[Round "1.3"]
[White "Lugovskoy, Maxim"]
[Black "Zhurikhin, Alexander"]
[Result "0-1"]
[WhiteElo "2491"]
[BlackElo "2334"]
[PlyCount "120"]
[EventDate "2016.05.01"]

1. d4 Nf6 2. Nc3 d5 3. Bf4 e6 4. Nb5 Na6 5. e3 c6 6. Nc3 Nb8 7. Qf3 Bb4 8. Bd3
c5 9. dxc5 Nbd7 10. Bg5 Bxc3+ 11. bxc3 h6 12. Bh4 O-O 13. Ne2 e5 14. Bxf6 Nxf6
15. Bf5 Qa5 16. O-O Qxc5 17. Ng3 Qxc3 18. Bxc8 Qxc8 19. Rab1 b6 20. Rb4 Qxc2
21. Nf5 Kh7 22. Rh4 Ng8 23. Qg4 g6 24. Nxh6 Kg7 25. Nxg8 Rxg8 26. f4 Qf5 27.
Qxf5 gxf5 28. fxe5 Rh8 29. Rd4 Kg6 30. Rxd5 Rae8 31. Rf3 Rh4 32. h3 Re4 33.
Rd6+ Re6 34. Rg3+ Kh6 35. Rd7 R4xe5 36. Rxf7 Ra5 37. a4 Ree5 38. Rf6+ Kh7 39.
Rg5 Rxa4 40. Rfxf5 Rxf5 41. Rxf5 a5 42. Kf2 Rb4 43. Rf7+ Kg6 44. Ra7 a4 45. g4
b5 46. Ra6+ Kf7 47. Kf3 Rb1 48. Ra5 Rb3 49. Ra7+ Ke6 50. h4 a3 51. Ra6+ Ke5 52.
h5 b4 53. Ra5+ Ke6 54. h6 Rb1 55. h7 Rh1 56. Rh5 Rf1+ 57. Ke2 Rf8 58. Ra5 Rh8
59. Ra4 Rxh7 60. Rxb4 a2 0-1

[Event "Team men HL chess 2016"]
[Site "Sochi"]
[Date "2016.05.01"]
[Round "1.3"]
[White "Aminov, Andrey"]
[Black "Maletin, Pavel"]
[Result "1/2-1/2"]
[WhiteElo "2324"]
[BlackElo "2580"]
[PlyCount "113"]
[EventDate "2016.05.01"]

1. e4 c5 2. Nf3 e6 3. c3 Nf6 4. e5 Nd5 5. d4 cxd4 6. cxd4 d6 7. Bc4 Be7 8. O-O
O-O 9. Bd2 dxe5 10. dxe5 b6 11. Nc3 Nxc3 12. Bxc3 Ba6 13. Qxd8 Rxd8 14. Bxa6
Nxa6 15. Rfd1 Nc7 16. Rxd8+ Rxd8 17. Rc1 Nd5 18. Bd2 h6 19. Kf1 Kf8 20. Ke2 Ke8
21. Nd4 a6 22. Nc6 Ra8 23. Nd4 Kd7 24. g3 Rc8 25. Rxc8 Kxc8 26. Kd3 Bc5 27. g4
g5 28. f3 Kd7 29. Ne2 Nb4+ 30. Bxb4 Bxb4 31. f4 gxf4 32. Nxf4 Be7 33. Ke4 Bg5
34. Ne2 Kc6 35. Nd4+ Kd7 36. Nf3 Bc1 37. b3 Bb2 38. h4 Ke7 39. Nd2 b5 40. Nf3
Bc3 41. Kd3 Bb2 42. Ke3 Bc3 43. Ke4 Bb2 44. Ne1 Bc3 45. Nd3 f6 46. b4 Kf7 47.
exf6 Kxf6 48. a3 a5 49. bxa5 Bxa5 50. Nf4 Bc7 51. g5+ hxg5 52. hxg5+ Ke7 53.
Ne2 Bd6 54. Nd4 Bxa3 55. Nxb5 Bc1 56. Nd4 Bxg5 57. Nxe6 1/2-1/2

[Event "Team men HL chess 2016"]
[Site "Sochi"]
[Date "2016.05.01"]
[Round "1.4"]
[White "Pustovoitova, Daria"]
[Black "Eliseev, Urii"]
[Result "1-0"]
[WhiteElo "2304"]
[BlackElo "2606"]
[PlyCount "109"]
[EventDate "2016.05.01"]

1. Nf3 Nf6 2. c4 b6 3. g3 g6 4. Bg2 Bg7 5. O-O O-O 6. d4 Bb7 7. Nc3 Ne4 8. Nxe4
Bxe4 9. Be3 d6 10. Qd2 e6 11. Bh6 Nd7 12. Bxg7 Kxg7 13. Rfd1 Qe7 14. Rac1 Kg8
15. Ne1 f5 16. Nd3 Nf6 17. Bxe4 fxe4 18. Nf4 g5 19. Ng2 Qg7 20. Rf1 h6 21. f4
Qg6 22. d5 Nh7 23. dxe6 Qxe6 24. fxg5 hxg5 25. Ne3 c6 26. g4 Rf4 27. Rxf4 gxf4
28. Nf5 e3 29. Qd4 Qe5 30. Rd1 Re8 31. Qxd6 Nf6 32. Qxe5 Rxe5 33. h3 Ne4 34.
Rd8+ Kf7 35. Kg2 Nd2 36. Nd4 Ra5 37. a3 c5 38. Nc6 Ra4 39. Ne5+ Ke7 40. Ra8 Kf6
41. Re8 Nxc4 42. b3 Nxe5 43. bxa4 c4 44. Rf8+ Ke6 45. Rxf4 c3 46. Rf1 Kd5 47.
g5 Kc4 48. h4 c2 49. h5 Kc3 50. h6 Kd2 51. h7 Ng6 52. Kf3 a6 53. Ra1 Nh8 54.
Ke4 Kxe2 55. Kf5 1-0

[Event "Team men HL chess 2016"]
[Site "Sochi"]
[Date "2016.05.01"]
[Round "1.4"]
[White "Paravyan, David"]
[Black "Smirnov, Alexey"]
[Result "0-1"]
[WhiteElo "2497"]
[BlackElo "2445"]
[PlyCount "76"]
[EventDate "2016.05.01"]

1. d4 Nf6 2. c4 g6 3. g3 Bg7 4. Bg2 O-O 5. Nc3 d6 6. Nf3 Nbd7 7. O-O e5 8. e4
c6 9. Re1 exd4 10. Nxd4 Ne5 11. b3 Nfd7 12. f4 Ng4 13. Bb2 Nc5 14. h3 Nf6 15.
Qd2 Qb6 16. Kh2 a5 17. Nc2 Be6 18. Rab1 Rad8 19. f5 Bc8 20. Rf1 Qc7 21. Ne3
Rde8 22. Rf2 h5 23. Kg1 Ncxe4 24. Nxe4 Nxe4 25. Bxe4 Rxe4 26. Bxg7 Kxg7 27. Ng2
Qb6 28. fxg6 fxg6 29. Nf4 Qe3 30. Qxd6 Rfxf4 31. gxf4 Bxh3 32. Qd2 Qg3+ 33. Kh1
Bg4 34. Rbf1 Re3 35. Rg2 Bf3 36. Rxf3 Qxf3 37. f5 Qe4 38. Qb2+ Kg8 0-1

[Event "Team men HL chess 2016"]
[Site "Sochi"]
[Date "2016.05.01"]
[Round "1.4"]
[White "Babarykin, Stanislav"]
[Black "Iljiushenok, Ilia"]
[Result "1/2-1/2"]
[WhiteElo "2396"]
[BlackElo "2499"]
[PlyCount "122"]
[EventDate "2016.05.01"]

1. e4 e5 2. Nc3 Nf6 3. Bc4 Nxe4 4. Qh5 Nd6 5. Bb3 Be7 6. Qxe5 O-O 7. Nf3 Nc6 8.
Qf4 Na5 9. O-O Nxb3 10. axb3 b6 11. Nd5 Bb7 12. Nxe7+ Qxe7 13. Re1 Qf6 14. Qxf6
gxf6 15. Nh4 Rfe8 16. Re3 Re5 17. d3 Bc6 18. Bd2 Rh5 19. g3 a5 20. c4 Kg7 21.
Bc3 b5 22. Rxa5 Rxa5 23. Bxa5 bxc4 24. Bxc7 Nb5 25. Bb6 cxb3 26. d4 Bd5 27. Ng2
Bc4 28. g4 Rg5 29. f3 f5 30. Bd8 Rg6 31. Nf4 Rd6 32. g5 Nxd4 33. Nh5+ Kg6 34.
Nf4+ Kg7 35. Bc7 Re6 36. Nxe6+ Nxe6 37. Be5+ Kg6 38. f4 h6 39. gxh6 Kxh6 40.
Bd6 Nd4 41. Kf2 Nb5 42. Be5 d6 43. Rh3+ Kg6 44. Rg3+ Kh7 45. Bf6 Nc7 46. Rc3 d5
47. Rg3 Ne8 48. Be5 f6 49. Bb8 d4 50. Rg1 Ng7 51. Rc1 Bd5 52. Rc7 Be4 53. Ba7
Kg6 54. Re7 Nh5 55. Bb8 Ng7 56. Ke1 Bd3 57. Kd2 Bc2 58. Bd6 Be4 59. Bc7 Bc2 60.
Bb8 Be4 61. Bd6 Bc2 1/2-1/2

[Event "Team men HL chess 2016"]
[Site "Sochi"]
[Date "2016.05.01"]
[Round "1.4"]
[White "Arkhipov, Sergey"]
[Black "Meshkov, Yuri A"]
[Result "1-0"]
[WhiteElo "2480"]
[BlackElo "2354"]
[PlyCount "105"]
[EventDate "2016.05.01"]

1. d4 Nf6 2. c4 d6 3. Nf3 Bf5 4. Qb3 Qc8 5. g3 a5 6. Bg2 a4 7. Qd1 Nc6 8. O-O
Bh3 9. Nc3 Bxg2 10. Kxg2 Qd7 11. Nxa4 Nxd4 12. Nb6 cxb6 13. Qxd4 b5 14. Rd1
bxc4 15. Qxc4 Qc6 16. Qb3 g6 17. Bf4 Bg7 18. Rac1 Qa6 19. Rc7 O-O 20. Rxe7 Qxa2
21. Rxb7 Qxb3 22. Rxb3 Ne4 23. h4 Rfe8 24. Nd4 Nc5 25. Re3 Rxe3 26. fxe3 Ne4
27. Kf3 d5 28. b4 Ra2 29. Rc1 Bxd4 30. exd4 Ra3+ 31. Kg2 h6 32. b5 Rb3 33. Rc8+
Kg7 34. Rb8 g5 35. Bc7 Rb2 36. Kf3 Rb3+ 37. Kg4 Re3 38. b6 Rxe2 39. b7 Rb2 40.
Kf5 gxh4 41. gxh4 h5 42. Ke5 Rb5 43. Bd8 Kg6 44. Be7 f6+ 45. Ke6 Rb6+ 46. Kxd5
Nc3+ 47. Kc4 Nd1 48. Rg8+ Kf7 49. b8=Q Rxb8 50. Rxb8 Kxe7 51. Rh8 Kd6 52. Rxh5
Ne3+ 53. Kd3 1-0

[Event "Team men HL chess 2016"]
[Site "Sochi"]
[Date "2016.05.01"]
[Round "1.5"]
[White "Nozdrachev, Vladislav"]
[Black "Vavulin, Maksim"]
[Result "1/2-1/2"]
[WhiteElo "2465"]
[BlackElo "2474"]
[PlyCount "114"]
[EventDate "2016.05.01"]

1. e4 e5 2. Nf3 Nc6 3. Bc4 Nf6 4. d3 h6 5. O-O d6 6. c3 g6 7. Bb3 Bg7 8. Nbd2
O-O 9. Re1 Nh7 10. Nc4 Kh8 11. d4 Bg4 12. dxe5 dxe5 13. Ne3 Bxf3 14. Qxd8 Nxd8
15. gxf3 Ng5 16. Kg2 Nge6 17. Kf1 h5 18. Nc4 a5 19. a4 Nc5 20. Bc2 Nde6 21. Be3
b6 22. Red1 Rfd8 23. Rd5 f6 24. Rad1 Bf8 25. Rxd8 Rxd8 26. Rxd8 Nxd8 27. f4
exf4 28. Bxf4 Nce6 29. Bd2 Nc6 30. Ke2 Ne5 31. Nxe5 fxe5 32. b4 Kg7 33. Bb3
Nf4+ 34. Kf1 Kf6 35. bxa5 bxa5 36. c4 Ne6 37. Bxa5 Nc5 38. Bc2 Na6 39. Bd2 Bb4
40. Bc1 Ba5 41. f4 Bc3 42. h4 c5 43. Ke2 Nb4 44. fxe5+ Bxe5 45. Bd1 Nc6 46. Be3
Bd6 47. Kf2 Ke5 48. Bg5 Bc7 49. Ke3 Ba5 50. Bh6 Be1 51. Bg7+ Ke6 52. Bf8 Bb4
53. Be2 Kf7 54. Bh6 Ne5 55. Bf4 Ke6 56. Bg3 Kd6 57. Bf1 Ba5 1/2-1/2

[Event "Team men HL chess 2016"]
[Site "Sochi"]
[Date "2016.05.01"]
[Round "1.5"]
[White "Savenkov, Konstantin"]
[Black "Moskalenko, Alexander"]
[Result "0-1"]
[WhiteElo "2381"]
[BlackElo "2464"]
[PlyCount "96"]
[EventDate "2016.05.01"]

1. e4 e5 2. Nf3 Nc6 3. d4 exd4 4. Nxd4 Bc5 5. Be3 Qf6 6. c3 Nge7 7. g3 h5 8. h3
d5 9. Bg2 Nxd4 10. cxd4 Bb4+ 11. Nc3 Bxc3+ 12. bxc3 Qc6 13. Qc2 Be6 14. c4 dxe4
15. Rc1 Bf5 16. d5 Qd7 17. Qb2 O-O 18. Qxb7 a6 19. Qb1 Rab8 20. Qc2 c6 21. g4
hxg4 22. hxg4 Bg6 23. d6 Qxd6 24. Bxe4 f5 25. c5 Qe6 26. gxf5 Nxf5 27. Bxf5
Rxf5 28. Qd2 Rd5 29. Qe2 Bd3 30. Qf3 Rb2 31. Rh5 Re2+ 32. Qxe2 Bxe2 33. Rxd5
Qxd5 34. Kxe2 Qxa2+ 35. Kd3 a5 36. Rg1 Qb3+ 37. Kd2 Kf7 38. Bd4 g6 39. Re1 Qb4+
40. Bc3 Qxc5 41. Re5 Qxf2+ 42. Kd3 a4 43. Rg5 Qa2 44. Rc5 Ke7 45. Ra5 Qb3 46.
Re5+ Kd7 47. Rg5 a3 48. Kd2 a2 0-1

[Event "Team men HL chess 2016"]
[Site "Sochi"]
[Date "2016.05.01"]
[Round "1.5"]
[White "Chernobay, Artem"]
[Black "Tarasov, Alexandr"]
[Result "1-0"]
[WhiteElo "2503"]
[BlackElo "2323"]
[PlyCount "49"]
[EventDate "2016.05.01"]

1. e4 c6 2. d4 d5 3. Nc3 dxe4 4. Nxe4 Bf5 5. Ng3 Bg6 6. h4 h6 7. f4 e6 8. Nf3
Nd7 9. h5 Bh7 10. Bd3 Bxd3 11. Qxd3 Ngf6 12. Bd2 c5 13. O-O-O Qc7 14. Ne5 Rd8
15. Ng6 Rg8 16. Rhe1 c4 17. Qf5 Qc6 18. Qh3 c3 19. Bxc3 Nd5 20. Rd3 Bb4 21. f5
Nxc3 22. bxc3 Bxc3 23. Ree3 Qb5 24. Rxc3 fxg6 25. fxg6 1-0

[Event "Team men HL chess 2016"]
[Site "Sochi"]
[Date "2016.05.01"]
[Round "1.5"]
[White "Kovalev, Egor"]
[Black "Nozdrachev, Leonid"]
[Result "1-0"]
[WhiteElo "2207"]
[BlackElo "2413"]
[PlyCount "89"]
[EventDate "2016.05.01"]

1. Nf3 Nf6 2. g3 d5 3. Bg2 c5 4. O-O h6 5. c4 e6 6. cxd5 exd5 7. d4 Nc6 8. Nc3
Be6 9. Bf4 a6 10. Rc1 c4 11. Ne5 Bd6 12. Qa4 O-O 13. Nxc6 bxc6 14. Qxc6 Bxf4
15. gxf4 Qb8 16. Nxd5 Bxd5 17. Bxd5 Qxb2 18. Bxc4 Qxd4 19. e3 Qd2 20. Rfd1 Qa5
21. Qb7 Qh5 22. Kh1 Rad8 23. Rg1 Nd5 24. Qb2 Qf3+ 25. Rg2 Nf6 26. Be2 Qa8 27.
Rcg1 Rd6 28. f3 g6 29. f5 g5 30. h4 Rb8 31. Qa3 Rd2 32. e4 Rbb2 33. Qe3 Kf8 34.
hxg5 hxg5 35. Qc5+ Ke8 36. Qe5+ Kd7 37. Qxf6 Qg8 38. Qxa6 Qh8+ 39. Rh2 Qc3 40.
Rh7 Ke7 41. Qe6+ Kd8 42. Qxf7 Qe5 43. Qf8+ Qe8 44. Qf6+ Kc8 45. Rh8 1-0

[Event "Team men HL chess 2016"]
[Site "Sochi"]
[Date "2016.05.01"]
[Round "1.6"]
[White "Triapishko, Olexandr"]
[Black "Alekseenko, Kirill"]
[Result "0-1"]
[WhiteElo "2474"]
[BlackElo "2570"]
[PlyCount "114"]
[EventDate "2016.05.01"]

1. e4 c5 2. Nf3 d6 3. d4 cxd4 4. Nxd4 Nf6 5. Nc3 a6 6. Be3 e5 7. Nb3 Be6 8. h3
Be7 9. f4 b5 10. Qf3 O-O 11. O-O-O Qc7 12. g4 Rc8 13. Rh2 b4 14. Nd5 Bxd5 15.
exd5 Nfd7 16. Bd3 a5 17. Nd2 Na6 18. Nc4 Nac5 19. Bxc5 Nxc5 20. fxe5 dxe5 21.
Bxh7+ Kxh7 22. Qf5+ Kg8 23. d6 Bxd6 24. Nxd6 b3 25. axb3 Nxb3+ 26. Kb1 Nd4 27.
Rxd4 exd4 28. Nxc8 Rxc8 29. Re2 Rb8 30. Qd3 Qb6 31. c3 dxc3 32. Qxc3 a4 33. Rc2
Qe6 34. Qc4 a3 35. b4 Qd6 36. Ka2 Rxb4 37. Qc8+ Kh7 38. Qf5+ Qg6 39. Qxg6+ Kxg6
40. Kxa3 Rd4 41. Kb2 Rd3 42. h4 Rh3 43. Rc6+ Kh7 44. Rc7 f6 45. g5 f5 46. Rc4
Rg3 47. Kc2 Rg4 48. Rc5 Kg6 49. Rc6+ Kh5 50. Rc7 Kxh4 51. Rxg7 Rxg5 52. Rf7 Kg3
53. Kd2 Kf3 54. Ke1 Rg1+ 55. Kd2 f4 56. Re7 Kf2 57. Re2+ Kg3 0-1

[Event "Team men HL chess 2016"]
[Site "Sochi"]
[Date "2016.05.01"]
[Round "1.6"]
[White "Levin, Evgeny A"]
[Black "Derevianchenko, Ilia"]
[Result "0-1"]
[WhiteElo "2510"]
[BlackElo "2308"]
[PlyCount "116"]
[EventDate "2016.05.01"]

1. d4 d6 2. Nf3 g6 3. c4 c5 4. dxc5 dxc5 5. Qxd8+ Kxd8 6. Nc3 Bg7 7. Bd2 b6 8.
O-O-O Nd7 9. g3 Bb7 10. Bh3 e6 11. Bg5+ Bf6 12. Bf4 Bxc3 13. bxc3 Ngf6 14. Rd3
h6 15. Rhd1 Ke8 16. Ne5 Nf8 17. Bg4 g5 18. Be3 Nxg4 19. Nxg4 Ke7 20. f3 f6 21.
Kb2 Bc6 22. Kb3 Rc8 23. h4 h5 24. Nf2 gxh4 25. gxh4 Ng6 26. Rh1 a5 27. a4 Bb7
28. Rd2 Rcd8 29. Nd3 Rhg8 30. Rdd1 e5 31. Bf2 f5 32. Rhg1 e4 33. fxe4 fxe4 34.
Be3 exd3 35. Bg5+ Kf7 36. Rdf1+ Ke8 37. Bxd8 dxe2 38. Rf2 Kxd8 39. Rxe2 Bc8 40.
Rg5 Bg4 41. Re3 Ne7 42. Rge5 Nf5 43. Rd3+ Kc7 44. Rdd5 Nxh4 45. Re7+ Kc6 46.
Rf7 Rg6 47. Re5 Nf3 48. Rd5 Rd6 49. Rxd6+ Kxd6 50. Rf6+ Kc7 51. Rf7+ Kd6 52.
Rf6+ Ke5 53. Rxb6 h4 54. Kc2 h3 55. Kd3 Kf4 56. Rf6+ Kg3 57. Rh6 Nh4 58. Rf6
Bf3 0-1

[Event "Team men HL chess 2016"]
[Site "Sochi"]
[Date "2016.05.01"]
[Round "1.6"]
[White "Barash, Mikhail"]
[Black "Usmanov, Vasily"]
[Result "1/2-1/2"]
[WhiteElo "2133"]
[BlackElo "2436"]
[PlyCount "95"]
[EventDate "2016.05.01"]

1. d4 Nf6 2. Nc3 d5 3. Bf4 a6 4. e3 c5 5. dxc5 Nc6 6. Nf3 e6 7. Bd3 Bxc5 8. O-O
O-O 9. e4 h6 10. e5 Nd7 11. Qd2 f6 12. exf6 Qxf6 13. Bg3 Nde5 14. Nxe5 Nxe5 15.
Rae1 Nc6 16. Nd1 Bd7 17. a3 b5 18. b4 Bb6 19. Ne3 Ne5 20. Kh1 Nxd3 21. Qxd3
Rac8 22. Ng4 Qf5 23. Ne5 Be8 24. Rc1 Bc7 25. Rfe1 Bxe5 26. Qxf5 Rxf5 27. Rxe5
Rxe5 28. Bxe5 Rc4 29. f3 g5 30. c3 g4 31. Kg1 gxf3 32. gxf3 Kf7 33. Kf2 Kg6 34.
Re1 Rc6 35. Bd4 Kh7 36. Rg1 Bg6 37. h4 Rc7 38. Be5 Rf7 39. f4 h5 40. Rg5 a5 41.
Ke3 axb4 42. axb4 Rf8 43. Rg1 Ra8 44. Kd4 Rc8 45. Ra1 Rc4+ 46. Ke3 Re4+ 47. Kf2
Bf5 48. Re1 1/2-1/2

[Event "Team men HL chess 2016"]
[Site "Sochi"]
[Date "2016.05.01"]
[Round "1.6"]
[White "Palchun, Grigory"]
[Black "Sshedrin, Iliya"]
[Result "1-0"]
[WhiteElo "2320"]
[BlackElo "2150"]
[PlyCount "107"]
[EventDate "2016.05.01"]

1. d4 Nf6 2. Nf3 e6 3. Bf4 b6 4. e3 Bb7 5. h3 c5 6. c3 Nc6 7. Nbd2 Be7 8. Bd3
O-O 9. O-O cxd4 10. exd4 Nd5 11. Bh2 a6 12. a4 f5 13. Nc4 f4 14. Qc2 h6 15.
Nce5 Nxe5 16. Nxe5 Bd6 17. Bh7+ Kh8 18. Ng6+ Kxh7 19. Nxf8+ Kg8 20. Ng6 Qg5 21.
h4 Qg4 22. f3 Qh5 23. Rfe1 Kf7 24. Ne5+ Bxe5 25. dxe5 Rg8 26. c4 Ne7 27. Rad1
Bc6 28. b4 b5 29. axb5 axb5 30. cxb5 Bd5 31. b6 Qxh4 32. Qf2 Qxf2+ 33. Kxf2 g5
34. Bg1 Rb8 35. Ke2 Nc6 36. Bc5 Rb7 37. Kf2 Kg6 38. Ra1 Kf5 39. Ra8 Bc4 40.
Rf8+ Kg6 41. Rf6+ Kg7 42. Bf8+ Kg8 43. Bxh6 Rxb6 44. Rh1 Nxe5 45. Rf8+ Kh7 46.
Bxg5+ Kg7 47. Bh6+ Kg6 48. Bxf4 Nd3+ 49. Kg3 Rxb4 50. Rh4 Kg7 51. Bd6 Ra4 52.
Rg4+ Kh7 53. Rf7+ Kh8 54. Be7 1-0